[Event "Landesliga Nord9798"]
[Site "Bayern"]
[Date "1997.??.??"]
[Round "?"]
[White "Rebscher, Ralf"]
[Black "Vogt, Thomas"]
[Result "0-1"]
[WhiteElo "1920"]
[BlackElo "1975"]

1.d4 Nf6 2.Bg5 Ne4 3.h4 c5 4.d5 Qb6 5.Qc1 c4 6.e3 Qa5+ 7.c3 Qxd5 8.Nf3 f6
9.Bf4 e5 10.Bh2 Qc6 11.Nbd2 Nxd2 12.Qxd2 d5 13.Rd1 Be6 14.Be2 Nd7 15.O-O Be7
16.Qc2 b5 17.h5 Nc5 18.Nh4 Qc8 19.b4 Ne4 20.f3 Nd6 21.f4 e4 22.f5 Bf7 23.a4 Qc6
24.Ra1 O-O 25.h6 g6 26.fxg6 hxg6 27.axb5 Nxb5 28.g4 Kh7 29.Ra5 Be6 30.Qa4 Bd7
31.Ra6 Qb7 32.Ra5 Nxc3 33.Qc2 Bxb4 34.Raa1 Qb6 35.Ng2 a5 36.Bf4 Qc5 37.g5 fxg5
38.Be5 Nxe2+ 39.Qxe2  0-1

[Event "Oberliga Bayern9697"]
[Site "Bayern"]
[Date "1997.??.??"]
[Round "?"]
[White "Jirovsky, Pavel"]
[Black "Wagner, Anselm"]
[Result "1/2-1/2"]
[WhiteElo "2305"]
[BlackElo "2370"]

1.d4 Nf6 2.Bg5 Ne4 3.h4 c5 4.dxc5 Nxg5 5.hxg5 e6 6.Qd2 Bxc5 7.e4 Nc6 8.Nf3 a6
9.Bd3 Qc7 10.c3 g6 11.Qe2 Be7 12.e5 b6 13.Nbd2 Bb7 14.O-O-O d6 15.exd6 Bxd6
16.Kb1 Be7 17.Rh6 Kf8 18.Rdh1 Kg7 19.Bc2 Rad8 20.Qe4 Rdg8 21.Qh4 Kf8 22.Rxh7 Rxh7
23.Qxh7 Ne5 24.Ne4 Bxe4 25.Bxe4 Nxf3 26.Qh6+ Ke8 27.Bxf3 Qc5 28.Rd1 Bxg5
29.Qh2 Ke7 30.Bb7 a5 31.f3 b5 32.Qg1 Be3 33.Qf1 b4 34.cxb4 Qxb4 35.Qd3 Bc5
36.Qe4 Rb8 37.Qxb4 Bxb4 38.Bc6 f5 39.b3 g5 40.g4 fxg4 41.fxg4 Rh8  1/2-1/2

[Event "BEL-chT9697"]
[Site "BEL"]
[Date "1997.??.??"]
[Round "3"]
[White "Groffen, Hans"]
[Black "Vanderstricht, Geert"]
[Result "1/2-1/2"]
[WhiteElo "2145"]
[BlackElo "2205"]

1.d4 Nf6 2.Bg5 Ne4 3.Bf4 d5 4.e3 Bf5 5.f3 Nd6 6.g4 Bg6 7.Bd3 e6 8.Ne2 c5
9.dxc5 Qa5+ 10.Qd2 Qxc5 11.Qc3 Nd7 12.Qxc5 Nxc5 13.Bxg6 hxg6 14.Nbc3 Be7
15.O-O-O Rd8 16.Nd4 Rh3 17.Rhf1 g5 18.Bg3 Nc4 19.Rfe1 Bd6 20.e4 dxe4 21.Nxe4 Nxe4
22.Rxe4 Bxg3 23.hxg3 Rxg3 24.Ne2 Rg2 25.Rxc4 Rxe2 26.Rc7 Rxd1+ 27.Kxd1 Rf2
28.Rxb7 Rxf3 29.Rxa7 Rf4 30.a4 Rxg4 31.a5 Rd4+ 32.Ke2 Rd7 33.Ra6 Rb7 34.b3 Kd7
35.Ra8 Kc6 36.a6 Rc7 37.c4 Kb6 38.Kd3 Ra7 39.Rg8 Kxa6 40.Rxg7 f6 41.Rg6 Rf7
42.b4 Kb6 43.Ke4 Rf8 44.Rg7 Rh8 45.Re7 Rh4+ 46.Kd3 Rf4  1/2-1/2

[Event "BEL-chT9697"]
[Site "BEL"]
[Date "1997.??.??"]
[Round "3"]
[White "Kishnev, Sergey"]
[Black "Claesen, Jeroen"]
[Result "1-0"]
[WhiteElo "2485"]
[BlackElo "2285"]

1.d4 Nf6 2.Bg5 Ne4 3.Bf4 d5 4.Nd2 Bf5 5.e3 Nd7 6.Bd3 e6 7.Bxe4 Bxe4 8.Nxe4 dxe4
9.Ne2 Nb6 10.O-O Bd6 11.c4 O-O 12.Qc2 Bxf4 13.Nxf4 g5 14.Nh5 f5 15.f3 Qe8
16.g4 exf3 17.Rxf3 Qg6 18.b3 fxg4 19.Qxg6+ hxg6 20.Rxf8+ Rxf8 21.Ng3 Nd7
22.Rf1 Rf3 23.Rxf3 gxf3 24.h3 Nf6 25.Kf2 g4 26.hxg4 Nxg4+ 27.Kxf3 Nf6 28.e4 Kf7
29.e5 Nh7 30.Ne4 b6 31.Kf4 Ke7 32.b4 a6 33.a4 Nf8 34.Nf6 c6 35.Kg5 c5 36.dxc5 bxc5
37.bxc5 Kd8 38.c6 Kc7 39.Nd7 Nh7+ 40.Kxg6 Kxc6 41.Kxh7 Kxd7 42.Kg6 Ke7 43.a5  1-0

[Event "BEL-chT9697"]
[Site "BEL"]
[Date "1997.??.??"]
[Round "7"]
[White "Kishnev, Sergey"]
[Black "Kerkhof, Philippe"]
[Result "1-0"]
[WhiteElo "2485"]
[BlackElo "2250"]

1.d4 Nf6 2.Bg5 Ne4 3.Bf4 c5 4.e3 Nf6 5.dxc5 Na6 6.e4 Nxc5 7.Nc3 d6 8.e5 Ne6
9.Be3 dxe5 10.Qxd8+ Kxd8 11.O-O-O+ Bd7 12.Bc4 Kc8 13.Nh3 g6 14.Rhe1 Bg7 15.Bd2 e4
16.Nxe4 Nxe4 17.Rxe4 Bf6 18.Bd5 Nd8 19.Ng5 e6 20.Rc4+ Bc6 21.Bxc6 bxc6 22.Ne4 Be7
23.Ba5 f5 24.Nd6+ Bxd6 25.Rxd6  1-0

[Event "BEL-chT9697"]
[Site "BEL"]
[Date "1997.??.??"]
[Round "10"]
[White "Groffen, Hans"]
[Black "Faybish, Nimrod"]
[Result "1-0"]
[WhiteElo "2145"]
[BlackElo "2225"]

1.d4 Nf6 2.Bg5 Ne4 3.Bf4 d5 4.e3 c5 5.Bd3 Nf6 6.c3 Nc6 7.Nd2 Bg4 8.Ngf3 e6
9.h3 Bh5 10.Bb5 Nd7 11.Qa4 Qb6 12.Ne5 Ndxe5 13.Bxe5 a6 14.Bd3 c4 15.Bc2 Qd8
16.Bd1 Bg6 17.Bf3 b5 18.Qd1 Nxe5 19.dxe5 Bd3 20.Be2 Qg5 21.Bxd3 cxd3 22.a4 Qxg2
23.Rf1 Bc5 24.axb5 a5 25.b4 Bb6 26.Nb3 d4 27.cxd4 axb4 28.Rxa8+ Qxa8 29.Qxd3 O-O
30.Ke2 Qa2+ 31.Nd2 Rc8 32.Qb1 Qa5 33.Nb3 Qxb5+ 34.Kf3 Rc3 35.Nd2 Bxd4 36.Ne4 Qd5
37.Rd1 h6 38.Qxb4 Qxe5 39.Rxd4 Qf5+ 40.Kg2 Rc2 41.Rc4 Qg6+ 42.Ng3 Rxc4 43.Qxc4 Qg5
44.Qc6 g6 45.Qf3 h5 46.Kh2 f5 47.Ne2 e5 48.Qd5+  1-0

[Event "Bello Horizonte Centenario op"]
[Site "Bello Horizonte"]
[Date "1997.??.??"]
[Round "2"]
[White "Carvalho, Carlos Alberto"]
[Black "Silver, Albert W"]
[Result "1/2-1/2"]
[WhiteElo "2135"]
[BlackElo "2240"]

1.d4 Nf6 2.Bg5 Ne4 3.Bh4 d5 4.Nd2 Nxd2 5.Qxd2 g6 6.Nf3 Bg7 7.e3 Qd6 8.Bb5+ Bd7
9.Bd3 c5 10.c3 O-O 11.Bg3 Qb6 12.O-O Nc6 13.Rac1 cxd4 14.exd4 Na5 15.Rfe1 Rfe8
16.Ne5 Bb5 17.b4 Nc4 18.Nxc4 Bxc4 19.Bxc4 dxc4  1/2-1/2

[Event "Benasque op"]
[Site "Benasque"]
[Date "1997.??.??"]
[Round "5"]
[White "Miles, Anthony J"]
[Black "Kovacevic, Slobodan"]
[Result "1-0"]
[WhiteElo "2550"]
[BlackElo "2420"]

1.d4 Nf6 2.Bg5 Ne4 3.Bf4 d5 4.e3 Bf5 5.f3 Nf6 6.c4 c6 7.Nc3 e6 8.g4 Bg6 9.Qb3 Qd7
10.c5 Be7 11.h4 h6 12.Nb5 cxb5 13.Bxb8 a6 14.Bg3 O-O 15.Nh3 Qc6 16.Nf4 Bh7
17.Bd3 Bxd3 18.Nxd3 Nd7 19.Ke2 a5 20.Rac1 Rfc8 21.Qc2 b4 22.g5 h5 23.g6 f5
24.Kd2 b6 25.cxb6 Qxc2+ 26.Rxc2 Rxc2+ 27.Kxc2 Rc8+ 28.Kd2 Nxb6 29.b3 Nd7
30.Rg1 Rc6 31.Nf4 Nf8 32.Bf2 Bd6 33.Nxh5 e5 34.Ng3 f4 35.exf4 exd4 36.Ne2 a4
37.f5 axb3 38.axb3 Ra6 39.Bxd4 Ra3 40.Nc1  1-0

[Event "Benasque op"]
[Site "Benasque"]
[Date "1997.??.??"]
[Round "6"]
[White "Ionov, Sergey"]
[Black "Torrecillas Martinez, Antonio"]
[Result "1-0"]
[WhiteElo "2530"]
[BlackElo "2360"]

1.d4 Nf6 2.Bg5 Ne4 3.Bf4 c5 4.f3 Qa5+ 5.c3 Nf6 6.Nd2 cxd4 7.Nb3 Qb6 8.Qxd4 Nc6
9.Qxb6 axb6 10.Be3 g6 11.Bxb6 Nd5 12.Bf2 Bh6 13.e4 Ne3 14.Bxe3 Bxe3 15.Bb5 d6
16.Ne2 Bd7 17.Ng3 Ne5 18.Bxd7+ Kxd7 19.Ke2 Nc4 20.Rhb1 Rhc8 21.Nf1 Bf4 22.g3 Be5
23.Nbd2 Nb6 24.Rc1 Na4 25.Rc2 b5 26.Rac1 b4 27.cxb4 Rxc2 28.Rxc2 Bxb2 29.Nc4 Bd4
30.Nfe3 e6 31.Kd3 Bg7 32.a3 f5 33.Rd2 Kc6 34.Kc2 Rd8 35.Kb3 Nc3 36.e5 Nd5
37.Nxd5 exd5 38.Na5+ Kc7 39.Rxd5 Bxe5 40.Nc4 Bf6 41.b5 Be7 42.a4 Bf8 43.a5 Re8
44.a6 Re1 45.b6+ Kc6 46.a7 Kb7 47.Nxd6+  1-0

[Event "Benasque op"]
[Site "Benasque"]
[Date "1997.??.??"]
[Round "8"]
[White "Amura, Claudia Noemi"]
[Black "Timon Piote, Silvia"]
[Result "1-0"]
[WhiteElo "2360"]
[BlackElo "2160"]

1.d4 Nf6 2.Bg5 Ne4 3.Bf4 d6 4.f3 Nf6 5.e4 c5 6.dxc5 Qa5+ 7.Nc3 Qxc5 8.Qd2 g6
9.O-O-O Nc6 10.Nb5 Qb6 11.e5 a6 12.Nxd6+ exd6 13.exf6 Be6 14.Ne2 d5 15.Be3 Qc7
16.Nd4 Bb4 17.Qf2 Qa5 18.Kb1 Bd6 19.h4 Be5 20.Nxc6 bxc6 21.Bd4 Bd6 22.h5 c5
23.Bc3 Qb6 24.hxg6 d4 25.g7 Rg8 26.Bd2 Be5 27.Qe1 Bxf6 28.Ba5 Qd6 29.Rxh7 Bxg7
30.Bc4 Kd7 31.Bxe6+ Qxe6 32.Qd2 Qg6 33.Rdh1 Rab8 34.R7h5 Rb5 35.a4 Rb7 36.Rxc5 Rgb8
37.b4 Qf6 38.Rc4 Ke8 39.Bc7 d3 40.Be5 dxc2+ 41.Kc1 Qxe5 42.Re1 Qxe1+ 43.Qxe1+ Kf8
44.Qd2 Re8 45.Qd6+ Kg8 46.Rg4 Rbe7 47.Qf6  1-0

[Event "Mermaid Beach Club"]
[Site "Bermuda"]
[Date "1997.??.??"]
[Round "11"]
[White "Hodgson, Julian M"]
[Black "Vescovi, Giovanni"]
[Result "1-0"]
[WhiteElo "2560"]
[BlackElo "2490"]

1.d4 Nf6 2.Bg5 Ne4 3.Bf4 d6 4.Nd2 Nf6 5.e4 g6 6.e5 Nd5 7.Bg3 Bg7 8.Ngf3 O-O
9.Bc4 Nb6 10.Bb3 Nc6 11.O-O Bg4 12.h3 Bxf3 13.Nxf3 Na5 14.Qe1 Nxb3 15.axb3 Qd7
16.Qe4 d5 17.Qh4 h6 18.Rfe1 Qe6 19.Re3 a5 20.Rae1 a4 21.Bf4 g5 22.Nxg5 hxg5
23.Bxg5 Nc8 24.Rg3 f5 25.Bh6 Rf7 26.Qg5 f4 27.Rg4  1-0

[Event "Biel op MTO"]
[Site "Biel"]
[Date "1997.??.??"]
[Round "1"]
[White "Fischdick, Gisela"]
[Black "Tukmakov, Vladimir B"]
[Result "0-1"]
[WhiteElo "2285"]
[BlackElo "2575"]

1.d4 Nf6 2.Bg5 Ne4 3.Bf4 c5 4.f3 Qa5+ 5.c3 Nf6 6.d5 d6 7.e4 Nbd7 8.a4 Qc7
9.Nd2 g6 10.Nc4 Nb6 11.Na3 Bg7 12.a5 Nbd7 13.Nc4 O-O 14.Qd2 b5 15.axb6 Nxb6
16.Bd3 Nh5 17.Bg5 e6 18.Nxb6 Qxb6 19.Bc4 exd5 20.Bxd5 Rb8 21.Rb1 Nf6 22.Bxf6 Bxf6
23.Ne2 a5 24.O-O Ba6 25.Rfd1 Bd3 26.Ra1 c4+ 27.Nd4 Bxd4+ 28.cxd4 Qxd4+ 29.Kh1 Rxb2
30.Qxa5 c3 31.Rac1 Rc8 32.Qa3 Qf2 33.Rg1 Qc5 34.Qa4 c2 35.Qd7 Rf8 36.Qe7 Rb1
37.Qg5 Rfb8 38.Qf4 Qc7 39.h4 Qe7 40.Kh2 Qe5 41.Bxf7+ Kg7 42.Qxe5+ dxe5 43.Ba2 Rxc1
44.Rxc1 Rb2  0-1

[Event "Bled op-B"]
[Site "Bled"]
[Date "1997.??.??"]
[Round "6"]
[White "Dragasevic Georgieva, Antonina"]
[Black "Paraminski, Albina"]
[Result "0-1"]
[WhiteElo "2160"]
[BlackElo "2170"]

1.d4 Nf6 2.Bg5 Ne4 3.h4 c5 4.dxc5 Qa5+ 5.Nd2 e5 6.c3 Nxd2 7.b4 Qc7 8.Bxd2 d5
9.Nf3 h6 10.g3 Be7 11.Bg2 Be6 12.Qc1 Nd7 13.a4 f5 14.a5 Rc8 15.h5 Bf6 16.Be3 O-O
17.Nh4 Rf7 18.Nxf5 Bxf5 19.Bxd5 Kf8 20.Bxf7 Kxf7 21.Qd1 Qc6 22.Rh2 a6 23.Qb3+ Be6
24.Qc2 e4 25.Rd1 Be7 26.Bd4 Nf6 27.Bxf6 gxf6 28.Rd4 f5 29.c4 Qc7 30.e3 Bf6
31.Rd6 Be5  0-1

[Event "Bristol op"]
[Site "Bristol"]
[Date "1997.??.??"]
[Round "3"]
[White "Collier, David"]
[Black "Buckley, David"]
[Result "1-0"]
[WhiteElo "2220"]
[BlackElo "2115"]

1.d4 Nf6 2.Bg5 Ne4 3.Bf4 c5 4.f3 Nf6 5.dxc5 Qa5+ 6.Nc3 Qxc5 7.e4 d6 8.Qd2 a6
9.a4 Nc6 10.Nge2 Bd7 11.Nc1 Qd4 12.Nd3 Qb6 13.Be3 Qc7 14.Qf2 g6 15.Be2 Bg7
16.O-O O-O 17.Bb6 Qc8 18.Rfd1 Ne8 19.Nd5 e6 20.N5f4 Nc7 21.c4 e5 22.Nd5 Nxd5
23.cxd5 Ne7 24.Rdc1 Qe8 25.Bc7 Nc8 26.b3 Bf6 27.Rc2 Bd8 28.Rac1 Bg5 29.Re1 f5
30.exf5 Bxf5 31.Bf1 Qf7 32.a5 Kh8 33.Nxe5 dxe5 34.Bxe5+ Bf6 35.Rc7 Qg8 36.Qd4 Qg7
37.Bxf6 Rxf6  1-0

[Event "Budapest FS02 GM"]
[Site "Budapest"]
[Date "1997.??.??"]
[Round "11"]
[White "Tyomkin, Dimitri"]
[Black "Siegel, Georg"]
[Result "1/2-1/2"]
[WhiteElo "2450"]
[BlackElo "2480"]

1.d4 Nf6 2.Bg5 Ne4 3.Bf4 d5 4.Nf3 Bf5 5.Nbd2 e6 6.e3 Nd7 7.Nxe4 Bxe4 8.Bd3 Bxd3
9.Qxd3 c6 10.O-O Nf6 11.c4 Be7 12.Rac1  1/2-1/2

[Event "Campobasso op"]
[Site "Campobasso"]
[Date "1997.??.??"]
[Round "?"]
[White "Lagumina, Giulio"]
[Black "Capuano, Eugenio"]
[Result "1-0"]
[WhiteElo "2265"]
[BlackElo "2140"]

1.d4 Nf6 2.Bg5 Ne4 3.Bf4 c5 4.f3 Nf6 5.dxc5 b6 6.Nc3 bxc5 7.e4 Nc6 8.Bc4 d6
9.Qd2 Qa5 10.O-O-O g6 11.Nb5 Qb6 12.Bxd6 exd6 13.Qf4 Be7 14.Nxd6+ Kf8 15.Qh6+  1-0

[Event "Cannes op-B 18th"]
[Site "Cannes"]
[Date "1997.??.??"]
[Round "2"]
[White "Medancic, Rikard"]
[Black "Soyer, Jean Yves"]
[Result "1-0"]
[WhiteElo "2305"]
[BlackElo "2115"]

1.d4 Nf6 2.Bg5 Ne4 3.Bf4 c5 4.f3 Qa5+ 5.c3 Nf6 6.Nd2 cxd4 7.Nb3 Qb6 8.Qxd4 Qxd4
9.Nxd4 a6 10.e4 d6 11.Bg5 Nbd7 12.Nh3 e6 13.Nf2 h6 14.Bd2 Be7 15.Nd3 O-O
16.Be2 Ne5 17.Nxe5 dxe5 18.Nb3 Bd7 19.Be3 Rac8 20.O-O Rfd8 21.Bb6 Re8 22.a4 Bc6
23.Rfd1 Nd7 24.Bf2 Rcd8 25.Na5 Nb8 26.Rxd8 Rxd8 27.b4 Rd2 28.Kf1 Bd8 29.Nc4 Rc2
30.Be1 Bg5 31.Bd1 Rc1 32.Rxc1 Bxc1 33.Nxe5 Kf8 34.c4 Ke7 35.b5 Be8 36.Bb4+ Kd8
37.Bf8 g6 38.Nd3  1-0

[Event "Cannes op 18th"]
[Site "Cannes"]
[Date "1997.??.??"]
[Round "3"]
[White "Giffard, Nicolas"]
[Black "Bernard, Christophe"]
[Result "1/2-1/2"]
[WhiteElo "2405"]
[BlackElo "2365"]

1.d4 Nf6 2.Bg5 Ne4 3.Bf4 c5 4.f3 Nf6 5.dxc5 Na6 6.e4 Qa5+ 7.Nc3 Nxc5 8.Qd2 Ne6
9.Be3 Nc7 10.Bc4 e6 11.Nge2 Bc5 12.Bb3 O-O 13.O-O-O Bxe3 14.Qxe3 d5 15.exd5 Ncxd5
16.Nxd5 Nxd5 17.Qd2 Qxd2+ 18.Rxd2 Nf6 19.Rhd1 b6 20.c4 Ba6 21.Rc2 Rac8 22.Rd6 Rc5
23.Nf4 Rfc8 24.Nd3 R5c7 25.Ne5 Kf8 26.Rd4 Ke7 27.Ba4 g5 28.b4 b5 29.cxb5 Bxb5
30.Rxc7+ Rxc7+ 31.Bc2 Nd5 32.Kd2 f6 33.Nd3 Bc4 34.a3 e5 35.Re4 Nb6 36.Nc5 Bd5
37.Re1 Nc4+ 38.Kc3 Nxa3 39.Bxh7 a5 40.Bd3 Kd6 41.Ra1 axb4+ 42.Kxb4 Rxc5 43.Rxa3 Rc7
44.Ra6+ Rc6 45.Rxc6+ Bxc6 46.Be4 Bd7  1/2-1/2

[Event "Cannes op-B 18th"]
[Site "Cannes"]
[Date "1997.??.??"]
[Round "5"]
[White "Meszaros, Gyula"]
[Black "Pira, Davoud"]
[Result "1-0"]
[WhiteElo "2295"]
[BlackElo "2345"]

1.d4 Nf6 2.Bg5 Ne4 3.Bf4 c5 4.f3 Qa5+ 5.c3 Nf6 6.Nd2 cxd4 7.Nb3 Qf5 8.Bxb8 Rxb8
9.Qxd4 b6 10.e4 Qf4 11.Nh3 Qc7 12.e5 Ng8 13.O-O-O f6 14.f4 g6 15.Bc4 Bg7
16.Rhe1 fxe5 17.fxe5 Nh6 18.Ng5 b5 19.Bd3 O-O 20.Qh4 b4 21.c4 a5 22.Nd2 a4
23.Ndf3 Ba6 24.Kb1 Rbc8 25.Rc1 Qb6 26.Bf1 a3 27.b3 Bb7 28.Rcd1 Qc7 29.Bd3 Bc6
30.Be4 Rcd8 31.Bd5+ Bxd5 32.Rxd5 Rf5 33.Red1 Qa7 34.Ne6 Re8 35.Rxd7 Qe3 36.Qe1 Qxe1
37.Rxe1 Nf7 38.Nc7 Rd8 39.e6 Ne5 40.Rxe5  1-0

[Event "Cannes op 18th"]
[Site "Cannes"]
[Date "1997.??.??"]
[Round "6"]
[White "Summerscale, Aaron"]
[Black "Tirard, Hugo"]
[Result "1-0"]
[WhiteElo "2500"]
[BlackElo "2365"]

1.d4 Nf6 2.Bg5 Ne4 3.Bf4 c5 4.d5 Qa5+ 5.c3 d6 6.f3 Nf6 7.e4 g6 8.Na3 Bg7
9.Qd2 O-O 10.Nc4 Qd8 11.a4 Nh5 12.Bg5 f5 13.exf5 gxf5 14.Nh3 Qd7 15.Be2 b6
16.O-O Bb7 17.Rae1 Na6 18.Bd3 Rae8 19.Ne3 f4 20.Ng4 Nc7 21.Qc2 Bxd5 22.Bxh7+ Kh8
23.Bg6 Nf6 24.Qf2 Nh7 25.Qh4 Bg8 26.Bxe7 Rxe7 27.Rxe7 Qd8 28.Rfe1 Nd5 29.Bxh7  1-0

[Event "Cannes op-B 18th"]
[Site "Cannes"]
[Date "1997.??.??"]
[Round "8"]
[White "Brumen, Dinko"]
[Black "Marzolo, Cyril"]
[Result "1-0"]
[WhiteElo "2335"]
[BlackElo "2280"]

1.d4 Nf6 2.Bg5 Ne4 3.Bf4 d5 4.e3 c5 5.f3 Qa5+ 6.c3 Nf6 7.Nd2 cxd4 8.Nb3 Qb6
9.Qxd4 Qxd4 10.cxd4 e6 11.Rc1 Nc6 12.Ne2 Bd7 13.Nc3 Be7 14.Bb5 Nh5 15.Bg3 Nxg3
16.hxg3 Rc8 17.O-O O-O 18.Nc5 Bxc5 19.dxc5 Rfd8 20.Rfd1 Ne5 21.b4 Bxb5 22.Nxb5 Nc4
23.Nxa7 Ra8 24.Nb5 Nxe3 25.Rd3 Nc4 26.a4 Nb2 27.Rb3 Nxa4 28.Ra1 Nb6 29.Rxa8 Nxa8
30.Ra3 Rb8 31.Ra7 Kf8 32.Nd6 Nc7 33.b5 Nxb5 34.Nxb5 Rc8 35.Rxb7 Rxc5 36.Nd6 Rc1+
37.Kh2 Rc6 38.Rxf7+ Kg8 39.Rd7  1-0

[Event "Cannes op 18th"]
[Site "Cannes"]
[Date "1997.??.??"]
[Round "8"]
[White "Lukasiewicz, Grzegorz"]
[Black "Giffard, Nicolas"]
[Result "0-1"]
[WhiteElo "2390"]
[BlackElo "2405"]

1.d4 Nf6 2.Bg5 Ne4 3.Bf4 c5 4.f3 Qa5+ 5.c3 Nf6 6.Nd2 cxd4 7.Nb3 Qb6 8.Qxd4 Nc6
9.Qxb6 axb6 10.Be3 b5 11.Nd4 Nxd4 12.Bxd4 d6 13.e4 Bd7 14.Bd3 e5 15.Bf2 Be7
16.Ne2 O-O 17.O-O d5 18.exd5 Nxd5 19.Rfd1 Bc6 20.Ng3 Rfd8 21.a3 Nf4 22.Bf1 Ne6
23.Nf5 Bf8 24.Bb6 Rxd1 25.Rxd1 Nc5 26.Nd6 Na4 27.Bc7 Nxb2 28.Rb1 Bxd6 29.Bxd6 Nc4
30.Bxc4 bxc4 31.Rd1 Rd8 32.Kf2 f6 33.Rd2 g5 34.Ke3 Kf7 35.Bb4 Re8 36.Kf2 f5
37.Rd6 e4 38.fxe4 Rxe4 39.Rd2 h5 40.g3 h4 41.Rd4 Rxd4 42.cxd4 h3 43.Ke3 Ke6
44.Ba5 Kd5 45.Bc3 Bd7 46.Bb2 f4+ 47.gxf4 g4 48.Kf2 Ke4 49.f5 Bxf5 50.d5 Kxd5
51.Bf6 b5 52.Bh4 c3 53.Ke2 Kc4 54.Bg3 Kb3  0-1

[Event "Celle Ligure op"]
[Site "Celle Ligure"]
[Date "1997.??.??"]
[Round "3"]
[White "Mollero, Michele"]
[Black "Vujovic, Milorad"]
[Result "1/2-1/2"]
[WhiteElo "2050"]
[BlackElo "2255"]

1.d4 Nf6 2.Bg5 Ne4 3.Bf4 d5 4.f3 Nd6 5.Nc3 Nc4 6.e4 Nxb2 7.Qc1 Nc4 8.Nxd5 Nd6
9.Bd3 e6 10.Ne3 c5 11.d5 exd5 12.exd5 Qf6 13.Ne2 Be7 14.O-O h5 15.g4 g5 16.Bg3 h4
17.Be1 Qg7 18.Nc4 Nxc4 19.Bxc4 O-O 20.Qe3 Bf6 21.Bc3 Nd7 22.Bxf6 Nxf6 23.Qxc5 Bd7
24.Qd4 b5 25.Bb3 a5 26.a4 Rfd8 27.Rfe1 bxa4 28.Bc4 Be6 29.Nc3 Nxd5 30.Qxg7+ Kxg7
31.Nxd5 Bxd5 32.Bxd5 Rxd5 33.Rxa4 Rd2 34.Re5 Rb8 35.Rxg5+ Kf8 36.Ra1 Rxc2
37.Rh5 Rbb2 38.Rxh4 a4 39.Rh8+ Kg7 40.Ra8 Rg2+ 41.Kh1 Rxh2+ 42.Kg1 Rhg2+
43.Kh1 Kf6 44.g5+ Kg6 45.R8xa4 Kh5 46.Rb4 Rh2+ 47.Kg1 Rbg2+ 48.Kf1 Rf2+ 49.Kg1 Rhg2+
50.Kh1 Rg3 51.Rf4 Rgxf3 52.Rxf3 Rxf3 53.Kg2  1/2-1/2

[Event "Ceske Budejovice op"]
[Site "Ceske Budejovice"]
[Date "1997.??.??"]
[Round "3"]
[White "Ionescu, Doru Alexandru"]
[Black "Maskova, Jana"]
[Result "0-1"]
[WhiteElo "2290"]
[BlackElo "2230"]

1.d4 Nf6 2.Bg5 Ne4 3.Bh4 d5 4.f3 Nd6 5.Nd2 Nc6 6.c3 Nf5 7.Bf2 e5 8.e4 Nfe7
9.dxe5 Nxe5 10.Bg3 N7g6 11.h4 h5 12.Qb3 dxe4 13.Nxe4 Be6 14.Qxb7 Rb8 15.Bb5+ Bd7
16.Bxd7+ Nxd7 17.Qc6 Rb6 18.Qd5 Rxb2 19.Ng5 Qf6 20.Rd1 Bd6 21.Bxd6 cxd6 22.Ne4 Qe7
23.Ne2 O-O 24.Qxd6 Qxd6 25.Rxd6 Nde5 26.Rd2 Rfb8 27.Kf2 Rxd2 28.Nxd2 Rb2
29.Ke3 Rxa2 30.Nd4 a5 31.g3 Ne7 32.c4 a4 33.Rb1 Ra3+ 34.Ke4 f6 35.Rc1 Nd3
36.Rc2 Nc5+ 37.Kf4 Rd3 38.Nb5 Ng6+ 39.Kf5 Ne7+ 40.Kf4 Ng6+ 41.Kf5 Kf7 42.Nc3 Nf8  0-1

[Event "Ceske Budejovice op"]
[Site "Ceske Budejovice"]
[Date "1997.??.??"]
[Round "3"]
[White "Dumitrescu, Dragos"]
[Black "Hosticka, Frantisek"]
[Result "1-0"]
[WhiteElo "2410"]
[BlackElo "2235"]

1.d4 Nf6 2.Bg5 Ne4 3.Bh4 g5 4.f3 gxh4 5.fxe4 e5 6.e3 Qg5 7.Kf2 Bh6 8.Qe2 d6
9.Nf3 Qh5 10.Qb5+ Nd7 11.Nc3 c6 12.Qb4 Bf8 13.Be2 Qh6 14.Rad1 Rg8 15.Qb3 Nf6
16.h3 Qg6 17.Rhg1 Qg3+ 18.Kf1 Bh6 19.Rd3 Bxh3 20.gxh3 Qxh3+ 21.Ke1 Rxg1+
22.Nxg1 Qg3+ 23.Kf1 O-O-O 24.Bf3 h3 25.Nce2 Qh4 26.dxe5 Ng4 27.Bxg4+ Qxg4
28.Nxh3 Qxh3+ 29.Ke1 Qh4+ 30.Kd2 dxe5 31.Qxf7 Rxd3+ 32.cxd3 Qg5 33.Kc2 Qxe3
34.Qe6+ Kc7 35.Nc3 Qd2+ 36.Kb3 b5 37.Qxe5+ Kb7 38.Qe7+ Kb6 39.Qd8+ Kb7 40.Qd7+ Kb6
41.a4 a5 42.axb5  1-0

[Event "Ceske Budejovice op"]
[Site "Ceske Budejovice"]
[Date "1997.??.??"]
[Round "7"]
[White "Dumitrescu, Dragos"]
[Black "Belaska, Premysl"]
[Result "1-0"]
[WhiteElo "2410"]
[BlackElo "2280"]

1.d4 Nf6 2.Bg5 Ne4 3.Bh4 g5 4.f3 gxh4 5.fxe4 c5 6.e3 e6 7.Nd2 Nc6 8.c3 Bh6
9.Nc4 d5 10.Qh5 Qg5 11.Qxg5 Bxg5 12.Nf3 Be7 13.exd5 exd5 14.Nce5 Nxe5 15.Nxe5 O-O
16.Bd3 Be6 17.O-O f6 18.Nf3 c4 19.Bc2 f5 20.Rf2 b5 21.Raf1 Kg7 22.Ne5 Bg5
23.Rf3 a5 24.g3 hxg3 25.Rxg3 Kf6 26.Bxf5 Bxf5 27.Nd7+ Kg6 28.Nxf8+ Rxf8 29.h4 h6
30.hxg5 hxg5 31.Rgf3 b4 32.cxb4 axb4 33.a4 b3 34.a5 g4 35.R3f2 g3 36.Rf3 c3
37.Rxg3+  1-0

[Event "Chemnitz op"]
[Site "Chemnitz"]
[Date "1997.??.??"]
[Round "3"]
[White "Lorenz, Gerd"]
[Black "Rogozenko, Dorin"]
[Result "0-1"]
[WhiteElo "2305"]
[BlackElo "2490"]

1.d4 Nf6 2.Bg5 Ne4 3.Bf4 c5 4.dxc5 e6 5.Nd2 Nxc5 6.Ngf3 Nc6 7.c3 d5 8.Qc2 Qf6
9.Bg3 e5 10.e4 dxe4 11.Nxe4 Qg6 12.Nfd2 Bf5 13.f3 Be7 14.b4 Nxe4 15.fxe4 Be6
16.Nf3 Rc8 17.Bb5 f6 18.Qe2 O-O 19.O-O Nd8 20.Rac1 Qh6 21.Rc2 Nf7 22.Bf2 a6
23.Bd3 g6 24.Rb1 Rfd8 25.c4 f5 26.c5 f4 27.Bc4 g5 28.Nd2 g4 29.Bxe6 Qxe6
30.Nc4 Kh8 31.Nb6 Rc6 32.Rd1 Rg8 33.Qc4 Qg6 34.Rd7 Re6 35.Nd5 Bd8 36.Be1 f3
37.Bc3 g3 38.h3 f2+ 39.Kf1 Qh5 40.Re2 Qxh3 41.Rxf2 Qh1+ 42.Ke2 gxf2 43.Rxf7 Qh5+
44.Rf3 Rxg2 45.Ke3 Bg5+  0-1

[Event "Chemnitz op"]
[Site "Chemnitz"]
[Date "1997.??.??"]
[Round "5"]
[White "Lorenz, Gerd"]
[Black "Kalinitschew, Sergey"]
[Result "1-0"]
[WhiteElo "2305"]
[BlackElo "2525"]

1.d4 Nf6 2.Bg5 Ne4 3.Bf4 c5 4.dxc5 Nxc5 5.Nc3 Nc6 6.e4 d6 7.Nf3 Bg4 8.Bc4 Ne6
9.Be3 g6 10.Qd2 Bg7 11.Ng1 Nc5 12.Bxc5 dxc5 13.Qf4 Be6 14.Bxe6 fxe6 15.Nf3 Qd6
16.Qe3 O-O 17.Nb5 Nd4 18.Nbxd4 cxd4 19.Qb3 Qc6 20.O-O Rfc8 21.e5 Qd5 22.Rad1 Rc4
23.c3 d3 24.Ne1 Bxe5 25.Rxd3 Qc6 26.Nf3 Bf6 27.Re1 a5 28.Nd2 b5 29.Rde3 a4
30.Qc2 Rg4 31.g3 a3 32.Rxe6 Qd5 33.b3 Rd8 34.R6e2 Rc8 35.Ne4 Rxe4 36.Rxe4 Rxc3
37.Qe2 Rc7 38.Rd1 Qf5 39.Kg2 Kf7 40.Rd3 Rc1 41.Rf3 Qd7 42.Qe3 Rc8 43.g4 Kg8
44.g5 Rc3 45.Qf4 Rxf3 46.Kxf3 Bb2 47.Qg4 Qd3+ 48.Kg2 e5 49.Qc8+ Kf7 50.Qb7+ Ke6
51.Qc6+ Kf5 52.Re3 Qd8 53.h4 Qd1 54.Qe4+ Ke6 55.Rf3 Qd7 56.Rf6+ Ke7 57.Qb4+  1-0

[Event "Chemnitz op"]
[Site "Chemnitz"]
[Date "1997.??.??"]
[Round "9"]
[White "Helbig, Uwe"]
[Black "Michna, Christian"]
[Result "0-1"]
[WhiteElo "2240"]
[BlackElo "2220"]

1.d4 Nf6 2.Bg5 Ne4 3.Bf4 d5 4.Nd2 c5 5.Nxe4 dxe4 6.Bxb8 Rxb8 7.dxc5 Qxd1+
8.Rxd1 e3 9.b4 e5 10.c3 a5 11.a3 axb4 12.axb4 Ra8 13.fxe3 e4 14.g3 g6 15.Bg2 f5
16.Nh3 Bg7 17.Kf2 Bxc3 18.Rb1 Ra4 19.b5 O-O 20.Nf4 Rd8 21.Rhd1 Bd2 22.Ra1 Rxa1
23.Rxa1 Bd7 24.Ra7 Bxb5 25.Rxb7 Ba6 26.Ra7 Bc4 27.g4 Rf8 28.gxf5 g5 29.Rd7 Bc1
30.Nh5 Rxf5+ 31.Ke1 Bb2 32.Bxe4 Bc3+ 33.Kd1 Bb3+  0-1

[Event "Cherepovets"]
[Site "Cherepovets"]
[Date "1997.??.??"]
[Round "5"]
[White "Popov, Valerij"]
[Black "Kovalev, Andrei"]
[Result "1-0"]
[WhiteElo "2430"]
[BlackElo "2405"]

1.d4 Nf6 2.Bg5 Ne4 3.Bf4 c5 4.f3 Qa5+ 5.c3 Nf6 6.Nd2 cxd4 7.Nb3 Qf5 8.Bxb8 Rxb8
9.Qxd4 b6 10.e4 Qf4 11.Nh3 Qc7 12.e5 Ng8 13.Nf2 g6 14.e6 Nf6 15.Ne4 Bg7 16.exf7+ Kf8
17.O-O-O Ng4 18.Qd2 Bh6 19.Ng5 Bxg5 20.Qxg5 Nf2 21.Re1 e6 22.Qf6 Nxh1 23.Qxh8+ Kxf7
24.Qxh7+ Kf8 25.Qh6+ Kf7 26.Bd3  1-0

[Event "Copenhagen-ch"]
[Site "Copenhagen"]
[Date "1997.??.??"]
[Round "9"]
[White "Thuesen, Mogens"]
[Black "Hamann, Svend"]
[Result "1/2-1/2"]
[WhiteElo "2225"]
[BlackElo "2375"]

1.d4 Nf6 2.Bg5 Ne4 3.Bh4 c5 4.f3 g5 5.fxe4 gxh4 6.e3 Qb6 7.Nc3 Qxb2 8.Nd5 Kd8
9.Nf3 e6 10.Rb1 Qa3 11.Rb3 Qa5+ 12.Nc3 Nc6 13.Bb5 cxd4 14.exd4 Bb4 15.Qd3 Bxc3+
16.Qxc3 Qxc3+ 17.Rxc3 Rg8 18.Kf2 d6 19.e5 dxe5 20.Bxc6 bxc6 21.Nxe5 f6 22.Nxc6+ Kd7
23.Rb1 Ba6 24.Na5 Rac8 25.Rxc8 Rxc8 26.c4 Bxc4 27.Rb7+ Kd6 28.Rxa7 Bd5 29.Nb7+ Kc6
30.Nc5 Rg8 31.g3 hxg3+ 32.hxg3 Rg4 33.Ra6+ Kc7 34.Nxe6+ Bxe6 35.Rxe6 Rxd4  1/2-1/2

[Event "Costa Rica-ch"]
[Site "Costa Rica"]
[Date "1997.??.??"]
[Round "2"]
[White "Hernandez, Francisco"]
[Black "Ugalde, Ronald"]
[Result "1-0"]
[WhiteElo "2205"]
[BlackElo "2165"]

1.d4 Nf6 2.Bg5 Ne4 3.Bf4 d5 4.e3 c5 5.Nd2 Qa5 6.c3 Nxd2 7.Qxd2 cxd4 8.exd4 Bf5
9.Bxb8 Rxb8 10.Qf4 Rc8 11.Qxf5 Rxc3 12.bxc3 Qxc3+ 13.Ke2 Qb2+ 14.Kf3 Qc3+
15.Bd3 e6 16.Ne2 Qa3 17.Qf4 Qxd3+ 18.Qe3 Qf5+ 19.Kg3 Qg6+ 20.Kf3 Qh5+ 21.g4 Qh3+
22.Ng3 Bd6 23.Qg5 g6 24.Qf6 O-O 25.Rab1 b6 26.Rbc1 Re8 27.Rc6 Be7 28.Qe5 Bf8
29.Rc7 Bg7 30.Qf4 f5 31.g5 h5 32.Qd6 h4 33.Ke3 Qg4 34.Ne2 Qe4+ 35.Kd2 Bf8
36.Qe5 Bb4+ 37.Nc3 Qxe5 38.dxe5 d4 39.Rxa7 Rc8 40.a3 Bxc3+ 41.Kd3 Bb2 42.Rb1 Rc3+
43.Kd2 Bxa3 44.Rxb6 Bc1+ 45.Kd1 Rc8 46.Rxe6 Bf4 47.Rxg6+ Kf8 48.e6 d3 49.Rf7+  1-0